000 09707nam a22007337a 4500
008 081105t xxu||||| |||| 00| 0aeng d
010 _aB-280877-918
020 _a9788179927809
_c295.00
035 _aB-280877-918
037 _aAakar Books/I-125/10.6.08/63/16.5.08/11.7.08
040 _adpl
_bEnglish
082 _a153.6
100 _aMayer, Robert
245 _aHow to win any argument:
_cby Robert Mayer
_bdon't raise your voice lose your cool or come to blows /
260 _aMumbai
_bJaico Publishing House
_c2008
270 _a121 Mahatma Gandhi Raod,
_bMumbai
_e400001
300 _a223p.
_c22cm (pbk)
942 _2ddc
_cEN
_mMAY
_h153.6
999 _c18061
_d18061